Lingüística Románica

保存先:
書誌詳細
第一著者: Lausberg, Heinrich
フォーマット: 図書
言語:Undetermined
出版事項: Madrid, España Gredos 1966
主題:
タグ: タグ追加
タグなし, このレコードへの初めてのタグを付けませんか!

MARC

LEADER 00000nam a2200000Ia 4500
008 170316s9999 xx 000 0 und d
090 |a 410 L-9L v.2 
100 |a Lausberg, Heinrich 
245 |a Lingüística Románica 
260 |a Madrid, España 
260 |b Gredos 
260 |c 1966 
300 |a 390 páginas Tomo II 
650 |a LINGÜÍSTICA 
999 |c 18573  |d 18573 
040 |a cru BVZT 
942 |c 15 D  |h 410 L-9L v.2  |2 z